[Event "Atlantic Closed"]
[Site "Charlottetown CAN"]
[Date "1998.08.03"]
[Round "5"]
[White "Cooper, Aaron"]
[Black "Saunders, Stephen"]
[Result "1/2-1/2"]
[WhiteElo "1974"]
[BlackElo "2025"]
[PlyCount "68"]
[GameId "2160767911806859"]
[EventDate "1998.08.01"]
[EventType "tourn"]
[EventRounds "5"]
[EventCountry "CAN"]

1. e4 c5 2. Nc3 Nc6 3. g3 g6 4. Bg2 Bg7 5. d3 e6 6. Be3 d6 7. Qd2 Nge7 8. Bh6 O-O 9. h4 Bxh6 10. Qxh6 f6 11. Nge2 e5 12. O-O-O Kh8 13. Qe3 Nd4 14. f4 Bg4 15. h5 g5 16. fxg5 fxg5 17. h6 Nec6 18. Rdf1 Nxe2+ 19. Nxe2 Bxe2 20. Qxe2 Qe7 21. Qh5 Kg8 22. Bh3 Rxf1+ 23. Rxf1 Rf8 24. Bf5 Nd4 25. c3 Nxf5 26. exf5 Qf6 27. Qh1 g4 28. Qh5 Kh8 29. Kc2 Rg8 30. Rh1 b5 31. Rh4 d5 32. Rxg4 Rxg4 33. Qxg4 Qxh6 34. Qe2 Qf6 1/2-1/2

[Event "Atlantic Closed"]
[Site "Charlottetown CAN"]
[Date "1998.08.03"]
[Round "5"]
[White "Gulati, Justin"]
[Black "Mayo, Alvah"]
[Result "0-1"]
[WhiteElo "2159"]
[BlackElo "2088"]
[PlyCount "62"]
[GameId "2160767911806860"]
[EventDate "1998.08.01"]
[EventType "tourn"]
[EventRounds "5"]
[EventCountry "CAN"]

1. e4 e5 2. Bc4 Nc6 3. Nc3 Nf6 4. d3 Be7 5. f4 d6 6. Nf3 O-O 7. O-O Na5 8. Bb3 Nxb3 9. axb3 exf4 10. Bxf4 c6 11. d4 d5 12. Re1 Nxe4 13. Nxe4 dxe4 14. Rxe4 Bf5 15. Re2 a6 16. Qe1 Re8 17. Qg3 Bf8 18. Rxe8 Qxe8 19. Re1 Qd7 20. c3 f6 21. b4 Re8 22. Rf1 Re2 23. Qh4 Rxb2 24. h3 Bd3 25. Re1 Rb1 26. Bc1 Bg6 27. g4 Qd5 28. Kf2 Qa2+ 29. Re2 Qa1 30. Bd2 Rf1+ 31. Kg2 Qd1 0-1

[Event "Atlantic op"]
[Site "Charlottetown CAN"]
[Date "1998.08.01"]
[Round "2"]
[White "Bernard, Gilbert"]
[Black "Kenney, David"]
[Result "1/2-1/2"]
[WhiteElo "1834"]
[BlackElo "1943"]
[PlyCount "69"]
[GameId "2160767911806861"]
[EventDate "1998.08.01"]
[EventType "swiss"]
[EventRounds "6"]
[EventCountry "CAN"]

1. e4 g6 2. Nf3 Bg7 3. Bc4 d6 4. O-O Nf6 5. Nc3 O-O 6. d3 c5 7. h3 Nc6 8. a3 a6 9. a4 Bd7 10. Bf4 e5 11. Be3 Nd4 12. Nd5 Nxd5 13. Bxd5 Rb8 14. c3 Ne6 15. Qd2 b5 16. axb5 axb5 17. Bh6 b4 18. Bxg7 Kxg7 19. Bxe6 Bxe6 20. d4 bxc3 21. bxc3 Qc7 22. d5 Bd7 23. Rfb1 Rb7 24. Qa2 Rfb8 25. Rxb7 Rxb7 26. Rb1 h6 27. Nd2 f5 28. Rxb7 Qxb7 29. f3 Bb5 30. Qa5 Qb8 31. Kh2 Kf6 32. Nb1 f4 33. Na3 Bf1 34. Kg1 Bd3 35. Kh2 1/2-1/2

[Event "Atlantic op"]
[Site "Charlottetown CAN"]
[Date "1998.08.03"]
[Round "5"]
[White "Brennan, James"]
[Black "Kenney, David"]
[Result "0-1"]
[WhiteElo "1918"]
[BlackElo "1943"]
[PlyCount "80"]
[GameId "2160767911806862"]
[EventDate "1998.08.01"]
[EventType "swiss"]
[EventRounds "6"]
[EventCountry "CAN"]

1. d4 d6 2. Nf3 Nf6 3. g3 g6 4. Bg2 Bg7 5. O-O O-O 6. c4 Nbd7 7. Nc3 e5 8. e3 c6 9. b4 Re8 10. Qb3 a5 11. b5 c5 12. dxe5 dxe5 13. Rd1 Rb8 14. Bb2 b6 15. Rd6 Qc7 16. Rad1 Bb7 17. Na4 Rbd8 18. Nxe5 Nxe5 19. Bxe5 Bxg2 20. Kxg2 Rxd6 21. Bxd6 Qb7+ 22. f3 h5 23. Bf4 Nh7 24. Rd6 g5 25. Rxb6 Qa8 26. Ra6 Qd8 27. Rd6 Qe7 28. Rd3 gxf4 29. gxf4 Nf6 30. b6 Rb8 31. Qb5 Bh6 32. Nxc5 Bxf4 33. Nd7 Nxd7 34. Rxd7 Qxe3 35. c5 Be5 36. Qc4 Kh8 37. Qf1 Rg8+ 38. Kh1 Qa3 39. c6 Qxa2 40. b7 Qxh2# 0-1

[Event "Atlantic-ch U20"]
[Site "Charlottetown CAN"]
[Date "1998.10.24"]
[Round "5"]
[White "Kenney, Jason"]
[Black "Cooper, Aaron"]
[Result "1-0"]
[WhiteElo "2007"]
[BlackElo "2024"]
[PlyCount "33"]
[GameId "2160767911806168"]
[EventDate "1998.10.24"]
[EventType "swiss"]
[EventRounds "5"]
[EventCountry "CAN"]

1. e4 g6 2. d4 Bg7 3. Nc3 c6 4. Bc4 d6 5. Nf3 Nf6 6. e5 dxe5 7. Nxe5 e6 8. Bg5 Qa5 9. O-O Nbd7 10. Qe2 O-O 11. Nxf7 Rxf7 12. Qxe6 Qxg5 13. Qxf7+ Kh8 14. Rae1 h5 15. f4 Qa5 16. Re8+ Kh7 17. Re7 1-0

[Event "Autumn Frost"]
[Site "Ottawa CAN"]
[Date "1998.11.12"]
[Round "1"]
[White "Hum, Peter"]
[Black "Pacey, Kevin"]
[Result "0-1"]
[WhiteElo "2252"]
[BlackElo "2278"]
[PlyCount "106"]
[GameId "2160767911806070"]
[EventDate "1998.11.12"]
[EventType "swiss"]
[EventRounds "5"]
[EventCountry "CAN"]

1. Nf3 d5 2. d4 Nf6 3. c4 e6 4. Nc3 Be7 5. Bf4 O-O 6. e3 c5 7. dxc5 Qa5 8. Qc2 Bxc5 9. a3 Be7 10. O-O-O a6 11. Nd4 dxc4 12. Bxc4 Nbd7 13. Nb3 Qb6 14. e4 Ng4 15. Rd2 Bf6 16. Be2 Nxf2 17. Rf1 Bxc3 18. bxc3 Nxe4 19. Rd4 f5 20. Rb4 Qd8 21. Nd4 Ndf6 22. Bc4 Nd5 23. Be5 Qg5+ 24. Kb2 Qd2 25. Bxd5 exd5 26. Rb6 Re8 27. Nf3 Qxc2+ 28. Kxc2 Nc5 29. Rd6 Be6 30. Ng5 Ne4 31. Rxe6 Nxg5 32. Rxe8+ Rxe8 33. Rxf5 Nf7 34. Bg3 Re2+ 35. Kb3 Rd2 36. Kb4 Rxg2 37. Rxd5 Rb2+ 38. Kc4 g5 39. a4 Kg7 40. a5 h5 41. Bc7 Kf6 42. h4 Kg6 43. hxg5 h4 44. Rd4 Kxg5 45. Rd7 Kg6 46. Rd4 Kh5 47. Rf4 Ng5 48. Bd8 Rb5 49. Kd3 h3 50. c4 Rb1 51. Rf8 Nh7 52. Rf7 Kg6 53. Rf2 Rd1+ 0-1

[Event "Autumn Frost"]
[Site "Ottawa CAN"]
[Date "1998.11.22"]
[Round "2"]
[White "Pacey, Kevin"]
[Black "Saleh, Maher"]
[Result "0-1"]
[WhiteElo "2278"]
[BlackElo "2330"]
[PlyCount "74"]
[GameId "2160767911806071"]
[EventDate "1998.11.12"]
[EventType "swiss"]
[EventRounds "5"]
[EventCountry "CAN"]

1. d4 Nf6 2. c4 g6 3. Nc3 d5 4. cxd5 Nxd5 5. e4 Nxc3 6. bxc3 Bg7 7. Bc4 c5 8. Ne2 Nc6 9. Be3 O-O 10. O-O Qc7 11. Rc1 Rd8 12. Kh1 a6 13. f4 b5 14. Bd3 f5 15. exf5 c4 16. Bb1 gxf5 17. Ng3 e6 18. Nh5 Bh8 19. Bf2 Ne7 20. Bh4 Kf7 21. Ng3 Bb7 22. Qh5+ Kg8 23. Qh6 Rd6 24. Nh5 Ng6 25. Nf6+ Bxf6 26. Bxf6 Bd5 27. h4 Qb7 28. Qg5 Kf7 29. Be5 Nxe5 30. fxe5 Rg8 31. Qh5+ Kf8 32. Rf2 Rd7 33. Qh6+ Ke8 34. Rg1 Rdg7 35. Kh2 Rg3 36. Qd2 Qg7 37. Qc1 Bxg2 0-1

[Event "Autumn Frost"]
[Site "Ottawa CAN"]
[Date "1998.11.26"]
[Round "3"]
[White "Djerkovic, Miladin"]
[Black "Pacey, Kevin"]
[Result "0-1"]
[WhiteElo "2341"]
[BlackElo "2278"]
[PlyCount "78"]
[GameId "2160767911806072"]
[EventDate "1998.11.12"]
[EventType "swiss"]
[EventRounds "5"]
[EventCountry "CAN"]

1. e4 e6 2. d4 d5 3. Nc3 Bb4 4. e5 c5 5. a3 Ba5 6. b4 cxd4 7. Qg4 Ne7 8. Qxg7 Rg8 9. Qxh7 dxc3 10. bxa5 Nbc6 11. Nf3 Qc7 12. Bf4 Bd7 13. a6 O-O-O 14. axb7+ Kb8 15. Bd3 f5 16. exf6 Qxf4 17. fxe7 Rde8 18. Bg6 Rh8 19. Qg7 Rhg8 20. Qf7 Qg4 21. Bh5 Qe4+ 22. Kd1 Nd4 23. Nxd4 Qxd4+ 24. Kc1 Qd2+ 25. Kb1 Rxg2 26. Rd1 Qg5 27. h4 Qxh4 28. Qf3 Rxf2 29. Qxc3 Qxh5 30. Qg3+ Kxb7 31. Qxf2 Qxd1+ 32. Ka2 Qg4 33. Rb1+ Ka8 34. Rb4 Qf5 35. Qc5 Qe5 36. a4 Rb8 37. Rxb8+ Kxb8 38. Qb4+ Kc8 39. a5 Qc7 0-1

[Event "Autumn Frost"]
[Site "Ottawa CAN"]
[Date "1998.12.03"]
[Round "4"]
[White "Simic, Dusan"]
[Black "Pacey, Kevin"]
[Result "0-1"]
[WhiteElo "2250"]
[BlackElo "2278"]
[PlyCount "78"]
[GameId "2160767911806073"]
[EventDate "1998.11.12"]
[EventType "swiss"]
[EventRounds "5"]
[EventCountry "CAN"]

1. c4 c5 2. g3 Nc6 3. Bg2 g6 4. Nc3 Bg7 5. Nf3 Nf6 6. d4 cxd4 7. Nxd4 O-O 8. O-O Nxd4 9. Qxd4 d6 10. Qd3 a6 11. h3 Rb8 12. Rd1 Be6 13. Kh2 Qa5 14. Nd5 Nxd5 15. cxd5 Bd7 16. Bg5 Rfe8 17. Rd2 Rbc8 18. Rc2 h6 19. Be3 Bf5 20. Rxc8 Rxc8 21. Be4 Bd7 22. Qb3 Qb5 23. Qd1 Qc4 24. Qd3 b5 25. Rb1 f5 26. Qxc4 Rxc4 27. Bd3 Rc8 28. f4 Be8 29. g4 fxg4 30. hxg4 Bf7 31. Kg3 Bxd5 32. Bxg6 Bxa2 33. Ra1 Bf7 34. Bxf7+ Kxf7 35. Rxa6 Rc2 36. Kf3 Rxb2 37. Rb6 Rb3 38. Kf2 b4 39. Rb5 Rb1 0-1

[Event "Autumn Frost"]
[Site "Ottawa CAN"]
[Date "1998.12.10"]
[Round "5"]
[White "Pacey, Kevin"]
[Black "Devenport, Martin"]
[Result "0-1"]
[WhiteElo "2278"]
[BlackElo "2267"]
[PlyCount "60"]
[GameId "2160767911806074"]
[EventDate "1998.11.12"]
[EventType "swiss"]
[EventRounds "5"]
[EventCountry "CAN"]

1. d4 d5 2. Nc3 Nf6 3. Bg5 Nbd7 4. Nf3 c6 5. e3 Qa5 6. Bd3 Ne4 7. O-O Nxc3 8. bxc3 Qxc3 9. Rb1 e6 10. Ne5 Nxe5 11. Rb3 Qa5 12. dxe5 Qc7 13. Qg4 b6 14. Bf4 g6 15. Bg5 Bg7 16. Bf6 Bxf6 17. exf6 c5 18. Bb5+ Bd7 19. Bxd7+ Qxd7 20. Rd1 O-O-O 21. c3 e5 22. Qe2 Rhe8 23. Rb2 d4 24. exd4 exd4 25. Qf3 Qd5 26. Qd3 dxc3 27. Qh3+ Qf5 28. Rxd8+ Rxd8 29. g4 Rd1+ 30. Kg2 Qe4+ 0-1

[Event "Battle of Alberta"]
[Site "Red Deer CAN"]
[Date "1998.08.15"]
[Round "1"]
[White "Boehmer, Kris"]
[Black "Baunok, Zoltan"]
[Result "0-1"]
[WhiteElo "2202"]
[BlackElo "2110"]
[PlyCount "38"]
[GameId "2160767911806482"]
[EventDate "1998.08.15"]
[EventType "team"]
[EventRounds "2"]
[EventCountry "CAN"]

1. d4 Nf6 2. Nf3 g6 3. g3 Bg7 4. Bg2 O-O 5. c4 d5 6. O-O c6 7. cxd5 cxd5 8. Nc3 Nc6 9. Ne5 e6 10. b3 Nxe5 11. dxe5 Ng4 12. e4 Bxe5 13. Qxg4 Bxc3 14. Ba3 Bxa1 15. Rxa1 e5 16. Qe2 d4 17. f4 d3 18. Qd2 Qd4+ 19. Kh1 Qxa1+ 0-1

[Event "Battle of Alberta"]
[Site "Red Deer CAN"]
[Date "1998.08.15"]
[Round "1"]
[White "Campbell, Gordon"]
[Black "Wong, Ford"]
[Result "1/2-1/2"]
[WhiteElo "2099"]
[BlackElo "2018"]
[PlyCount "101"]
[GameId "2160767911806483"]
[EventDate "1998.08.15"]
[EventType "team"]
[EventRounds "2"]
[EventCountry "CAN"]

1. e4 g6 2. d4 Bg7 3. f4 c6 4. Nf3 d5 5. e5 h5 6. Be3 Bg4 7. Nbd2 e6 8. Bd3 Nh6 9. Bf2 Nf5 10. h3 Bxf3 11. Qxf3 h4 12. O-O Bf8 13. c4 Nxd4 14. Bxd4 dxc4 15. Qf2 cxd3 16. Bxa7 Qd5 17. Rfc1 Nd7 18. Nb3 Bb4 19. Be3 c5 20. a3 Qxb3 21. axb4 O-O 22. Rxa8 Rxa8 23. bxc5 Nb8 24. Bd4 Nc6 25. Bc3 Rd8 26. Qd2 Qb5 27. b4 Nd4 28. Re1 Nb3 29. Qb2 Qc4 30. Bd2 Qc2 31. Bc3 Ra8 32. b5 Nxc5 33. Rc1 Qxb2 34. Bxb2 d2 35. Rd1 Ne4 36. Kf1 Ra2 37. Bd4 Rc2 38. Ke2 Rc1 39. Bb2 Nc3+ 40. Bxc3 Rxc3 41. Rxd2 Rb3 42. b6 Rxb6 43. Kf3 Rb4 44. Kg4 b5 45. Kg5 Kg7 46. Rf2 Rc4 47. Kxh4 b4 48. Kg5 b3 49. Rb2 Rc3 50. Kg4 Kh6 51. Kh4 1/2-1/2

[Event "Battle of Alberta"]
[Site "Red Deer CAN"]
[Date "1998.08.15"]
[Round "1"]
[White "Clark, Alan"]
[Black "Miller, Chris"]
[Result "1/2-1/2"]
[WhiteElo "2025"]
[BlackElo "1506"]
[PlyCount "96"]
[GameId "2160767911806484"]
[EventDate "1998.08.15"]
[EventType "team"]
[EventRounds "2"]
[EventCountry "CAN"]

1. e4 c6 2. d4 d5 3. exd5 cxd5 4. Bd3 Nc6 5. c3 Nf6 6. h3 e6 7. Nf3 Be7 8. O-O O-O 9. Re1 Qd6 10. Bg5 Bd7 11. Bh4 Nh5 12. Ne5 Nf4 13. Bg3 Bg5 14. Qg4 Nxd3 15. Nxd3 Qe7 16. Nc5 f5 17. Qe2 Nd8 18. Nd2 b6 19. Nxd7 Qxd7 20. Nf3 Bf6 21. Be5 Nc6 22. Bxf6 Rxf6 23. Ne5 Nxe5 24. Qxe5 Rh6 25. Re2 Rf8 26. Rae1 Rff6 27. Qf4 Rfg6 28. Kf1 Rg4 29. Qxh6 gxh6 30. hxg4 Kf7 31. gxf5 exf5 32. Re5 Kf6 33. f4 h5 34. Kf2 Qf7 35. R1e3 Qd7 36. b3 b5 37. Rg3 h6 38. Rge3 Qf7 39. Re6+ Qxe6 40. Rxe6+ Kxe6 41. Kg3 Kf6 42. Kh4 Kg6 43. b4 a6 44. a3 Kh7 45. Kxh5 Kg7 46. Kh4 Kg6 47. Kg3 Kh5 48. Kf3 Kg6 1/2-1/2

[Event "Battle of Alberta"]
[Site "Red Deer CAN"]
[Date "1998.08.15"]
[Round "1"]
[White "Demers, Chris"]
[Black "Schaeffer, Jonathan"]
[Result "1-0"]
[WhiteElo "2238"]
[BlackElo "2238"]
[PlyCount "73"]
[GameId "2160767911806485"]
[EventDate "1998.08.15"]
[EventType "team"]
[EventRounds "2"]
[EventCountry "CAN"]

1. e4 e6 2. d4 d5 3. Nd2 Nf6 4. e5 Ng8 5. Bd3 c5 6. c3 Nc6 7. Ngf3 Bd7 8. dxc5 Bxc5 9. b4 Bb6 10. O-O Nge7 11. Re1 Rc8 12. Bb2 Ng6 13. Qb3 O-O 14. c4 Nf4 15. Bc2 a5 16. a3 axb4 17. axb4 dxc4 18. Nxc4 Qc7 19. Nd6 Ra8 20. Rac1 Qb8 21. Qc4 Ng6 22. Rcd1 Rd8 23. Ng5 Be8 24. Bxg6 hxg6 25. Qh4 Ra2 26. Re2 Rxb2 27. Rxb2 Nxe5 28. Rbd2 Rd7 29. Qh7+ Kf8 30. Nxe8 Qxe8 31. Rxd7 Nxd7 32. Qh8+ Ke7 33. Qxe8+ Kxe8 34. Nxf7 Bc7 35. Nd6+ Bxd6 36. Rxd6 Ke7 37. Rd4 1-0

[Event "Battle of Alberta"]
[Site "Red Deer CAN"]
[Date "1998.08.15"]
[Round "1"]
[White "Ficko, Brady"]
[Black "Brown, Grant"]
[Result "1-0"]
[WhiteElo "1984"]
[BlackElo "2091"]
[PlyCount "35"]
[GameId "2160767911806486"]
[EventDate "1998.08.15"]
[EventType "team"]
[EventRounds "2"]
[EventCountry "CAN"]

1. e4 e6 2. d4 d5 3. e5 c5 4. c3 Nc6 5. Nf3 Qb6 6. a3 Bd7 7. b4 cxd4 8. cxd4 Nge7 9. Nc3 Nf5 10. Na4 Qd8 11. Bb2 Be7 12. Bd3 g6 13. Rc1 f6 14. exf6 Bxf6 15. Nc5 Nd6 16. Qe2 Qe7 17. Ne5 Bc8 18. Nxb7 1-0

[Event "Battle of Alberta"]
[Site "Red Deer CAN"]
[Date "1998.08.15"]
[Round "1"]
[White "Fullbrook, Nigel"]
[Black "Maric, Victor"]
[Result "1-0"]
[WhiteElo "2327"]
[BlackElo "2275"]
[PlyCount "73"]
[GameId "2160767911806487"]
[EventDate "1998.08.15"]
[EventType "team"]
[EventRounds "2"]
[EventCountry "CAN"]

1. e4 c5 2. c3 d5 3. exd5 Qxd5 4. d4 cxd4 5. cxd4 Nc6 6. Nf3 Bg4 7. Be2 e6 8. Nc3 Qd8 9. h3 Bh5 10. Qb3 Bb4 11. Ne5 Nxe5 12. Qxb4 Bxe2 13. dxe5 Ba6 14. Be3 Ne7 15. Rd1 Qc7 16. f4 O-O 17. Bc5 Nc6 18. Qa3 Rfd8 19. Kf2 Bc4 20. b3 Ba6 21. Ne4 Nxe5 22. fxe5 Qxe5 23. Rxd8+ Rxd8 24. Re1 f5 25. Nd6 Qd5 26. Nc4 Bxc4 27. bxc4 Qxc4 28. Bxa7 Rd2+ 29. Kg1 Rxa2 30. Qe7 Qc6 31. Bf2 Rd2 32. Rxe6 Qd7 33. Bc5 Qxe7 34. Rxe7 b5 35. Rb7 Rd1+ 36. Kf2 Rb1 37. Bd4 1-0

[Event "Battle of Alberta"]
[Site "Red Deer CAN"]
[Date "1998.08.15"]
[Round "1"]
[White "Haessel, Dale"]
[Black "Gardner, Robert"]
[Result "1-0"]
[WhiteElo "2297"]
[BlackElo "2333"]
[PlyCount "69"]
[GameId "2160767911806488"]
[EventDate "1998.08.15"]
[EventType "team"]
[EventRounds "2"]
[EventCountry "CAN"]

1. e4 c5 2. c3 Nf6 3. e5 Nd5 4. d4 cxd4 5. Qxd4 e6 6. Nf3 Nc6 7. Qe4 f5 8. Qe2 Be7 9. g3 O-O 10. Bg2 b6 11. O-O Bb7 12. c4 Nc7 13. Rd1 Qe8 14. Nc3 Rd8 15. Bf4 h6 16. h4 Kh7 17. a3 Rg8 18. Nb5 Nxb5 19. cxb5 Nb8 20. Rac1 Rc8 21. Rxc8 Bxc8 22. Rc1 g5 23. hxg5 hxg5 24. Bd2 a6 25. a4 Qh5 26. Nxg5+ Kg6 27. Qxh5+ Kxh5 28. Nh3 Kg6 29. Be3 axb5 30. axb5 Kf7 31. Bxb6 d5 32. Rc7 Bd7 33. Rb7 Bxb5 34. Bc7 Na6 35. Bd6 1-0

[Event "Battle of Alberta"]
[Site "Red Deer CAN"]
[Date "1998.08.15"]
[Round "1"]
[White "Hughey, Micah"]
[Black "Gomboc, Dave"]
[Result "1/2-1/2"]
[WhiteElo "2115"]
[BlackElo "2126"]
[PlyCount "41"]
[GameId "2160767911806489"]
[EventDate "1998.08.15"]
[EventType "team"]
[EventRounds "2"]
[EventCountry "CAN"]

1. d4 Nf6 2. Nf3 c5 3. d5 e6 4. c4 exd5 5. cxd5 d6 6. Nc3 g6 7. e4 Bg7 8. Bd3 O-O 9. O-O Bg4 10. h3 Bxf3 11. Qxf3 Nbd7 12. Qd1 Re8 13. Bg5 a6 14. a4 Qb6 15. Qd2 c4 16. Bxc4 Nxe4 17. Nxe4 Rxe4 18. Bd3 Re5 19. Bc2 Nf6 20. Be3 Qd8 21. Bb3 1/2-1/2

[Event "Battle of Alberta"]
[Site "Red Deer CAN"]
[Date "1998.08.15"]
[Round "1"]
[White "Kuczaj, Chris"]
[Black "Newton, Geoff"]
[Result "1-0"]
[WhiteElo "2130"]
[BlackElo "2063"]
[PlyCount "103"]
[GameId "2160767911806490"]
[EventDate "1998.08.15"]
[EventType "team"]
[EventRounds "2"]
[EventCountry "CAN"]

1. c4 Nf6 2. Nc3 d5 3. cxd5 Nxd5 4. g3 g6 5. Bg2 Nxc3 6. bxc3 Bg7 7. Rb1 c6 8. Nf3 Qa5 9. Qc2 Bf5 10. e4 Be6 11. Rxb7 Qa6 12. Rb2 Bc4 13. Bf1 Bxf1 14. Rxf1 O-O 15. d3 Nd7 16. Be3 Rab8 17. Rxb8 Rxb8 18. Ke2 Qa3 19. Rb1 Rxb1 20. Qxb1 Qxc3 21. Bxa7 Qa5 22. Be3 Qh5 23. Qb7 Qg4 24. Qc8+ Bf8 25. Bh6 Qh5 26. Bxf8 Nxf8 27. Qxc6 Ne6 28. Qe8+ Kg7 29. Qxe7 Qb5 30. Qa3 Nc5 31. Qc3+ Kg8 32. Nd4 Qb6 33. Nb3 Na4 34. Qc5 Qa7 35. Qc8+ Kg7 36. Qd8 Nc3+ 37. Kf1 f6 38. Qa5 Qxa5 39. Nxa5 Nxa2 40. Ke2 Kf7 41. Kd2 Nb4 42. Kc3 Na6 43. d4 Nc7 44. Kc4 Ne6 45. f4 g5 46. f5 Ng7 47. Kc5 h5 48. h4 Ke8 49. Kd6 Kf7 50. Nc4 Ke8 51. Nb6 Kf8 52. Nd5 1-0

[Event "Battle of Alberta"]
[Site "Red Deer CAN"]
[Date "1998.08.15"]
[Round "1"]
[White "Radovic, Zoran"]
[Black "Daniluk, Jim"]
[Result "1-0"]
[WhiteElo "2073"]
[BlackElo "2152"]
[PlyCount "65"]
[GameId "2160767911806491"]
[EventDate "1998.08.15"]
[EventType "team"]
[EventRounds "2"]
[EventCountry "CAN"]

1. e4 c5 2. Nf3 Nc6 3. d4 cxd4 4. Nxd4 Nf6 5. Nc3 e5 6. Ndb5 d6 7. Bg5 a6 8. Na3 b5 9. Nd5 Be7 10. Bxf6 Bxf6 11. c3 Bg5 12. Nc2 Rb8 13. Be2 O-O 14. O-O Ne7 15. Nce3 Bxe3 16. Nxe3 Bb7 17. Bf3 Kh8 18. Qd3 f5 19. Rad1 d5 20. Qe2 fxe4 21. Bxe4 Rf4 22. Bxd5 Nxd5 23. Nxd5 Rf5 24. Ne3 Qg5 25. Rd7 Rf6 26. Qg4 Qxg4 27. Nxg4 Rg6 28. Rfd1 h5 29. Ne3 h4 30. h3 Bc6 31. R7d6 Rxd6 32. Rxd6 Bb7 33. Rb6 1-0

[Event "Battle of Alberta"]
[Site "Red Deer CAN"]
[Date "1998.08.15"]
[Round "1"]
[White "Schulte, Oliver"]
[Black "Huber, Gregory"]
[Result "1/2-1/2"]
[WhiteElo "2462"]
[BlackElo "2349"]
[PlyCount "51"]
[GameId "2160767911806492"]
[EventDate "1998.08.15"]
[EventType "team"]
[EventRounds "2"]
[EventCountry "CAN"]

1. e4 c5 2. Nf3 d6 3. d4 cxd4 4. Nxd4 Nf6 5. Nc3 a6 6. Be2 e6 7. O-O Nbd7 8. Kh1 b5 9. Bd3 Bb7 10. a3 Rc8 11. Qe1 Be7 12. Bg5 O-O 13. Rd1 Qc7 14. f4 h6 15. Bh4 Rfe8 16. Rf3 Qb6 17. Bf2 Qa5 18. Nb3 Qd8 19. Rh3 Rxc3 20. bxc3 Qa8 21. Re3 Nc5 22. Nxc5 dxc5 23. Bh4 c4 24. Bxf6 Bxf6 25. Bf1 e5 26. f5 1/2-1/2

[Event "Battle of Alberta"]
[Site "Red Deer CAN"]
[Date "1998.08.15"]
[Round "1"]
[White "Willis, Rob"]
[Black "Perron, Sean"]
[Result "0-1"]
[WhiteElo "2126"]
[BlackElo "2210"]
[PlyCount "87"]
[GameId "2160767911806493"]
[EventDate "1998.08.15"]
[EventType "team"]
[EventRounds "2"]
[EventCountry "CAN"]

1. e4 e6 2. d4 d5 3. Nc3 Bb4 4. Bd2 dxe4 5. Qg4 Nf6 6. Qxg7 Rg8 7. Qh6 b6 8. O-O-O Rg6 9. Qh4 Bb7 10. f3 Nbd7 11. Nxe4 Nxe4 12. Qxd8+ Rxd8 13. fxe4 Bxd2+ 14. Rxd2 Bxe4 15. Nf3 Ke7 16. h4 h6 17. h5 Rg3 18. Rh4 Bxf3 19. gxf3 Rxf3 20. Be2 Rg3 21. Rg4 Rxg4 22. Bxg4 Nf6 23. Bf3 Rg8 24. Rh2 Rg3 25. Be2 Ne4 26. c3 f5 27. Kc2 Kf6 28. Bd3 Ng5 29. Rf2 Nh3 30. Rf1 Kg5 31. d5 Nf4 32. dxe6 Nxd3 33. e7 Re3 34. e8=Q Rxe8 35. Kxd3 f4 36. Rg1+ Kxh5 37. Rg7 c5 38. Rxa7 Re6 39. Rg7 Kh4 40. b4 cxb4 41. cxb4 f3 42. a4 Rf6 43. Rg1 f2 44. Rf1 0-1

[Event "Battle of Alberta"]
[Site "Red Deer CAN"]
[Date "1998.08.15"]
[Round "2"]
[White "Baunok, Zoltan"]
[Black "Boehmer, Kris"]
[Result "1/2-1/2"]
[WhiteElo "2110"]
[BlackElo "2202"]
[PlyCount "79"]
[GameId "2160767911806494"]
[EventDate "1998.08.15"]
[EventType "team"]
[EventRounds "2"]
[EventCountry "CAN"]

1. e4 c5 2. Nf3 Nc6 3. c3 Nf6 4. e5 Nd5 5. d4 cxd4 6. cxd4 e6 7. Nc3 Nxc3 8. bxc3 b6 9. Bd3 Be7 10. h4 h6 11. h5 Bb7 12. Be3 d6 13. Qe2 Qc7 14. exd6 Qxd6 15. O-O Qd5 16. Ne1 Qd7 17. f4 O-O-O 18. f5 Bd6 19. fxe6 fxe6 20. d5 Ne7 21. Bb5 Qc7 22. dxe6 Nd5 23. Rf7 Bh2+ 24. Kh1 Qg3 25. Qc4+ Kb8 26. Bf4+ Qxf4 27. Rxf4 Bxf4 28. e7 Rc8 29. Qa4 Rxc3 30. e8=Q+ Rxe8 31. Bxe8 Bc7 32. Qd4 Rg3 33. Bg6 Nf6 34. Rc1 Rg4 35. Qc3 Rh4+ 36. Kg1 Bh2+ 37. Kf1 Bf4 38. Rc2 Nd5 39. Qxg7 Rh1+ 40. Ke2 1/2-1/2

[Event "Battle of Alberta"]
[Site "Red Deer CAN"]
[Date "1998.08.15"]
[Round "2"]
[White "Daniluk, Jim"]
[Black "Radovic, Zoran"]
[Result "1/2-1/2"]
[WhiteElo "2152"]
[BlackElo "2073"]
[PlyCount "66"]
[GameId "2160767911806495"]
[EventDate "1998.08.15"]
[EventType "team"]
[EventRounds "2"]
[EventCountry "CAN"]

1. d4 Nf6 2. Nf3 g6 3. c4 Bg7 4. g3 c5 5. Bg2 O-O 6. O-O d6 7. Nc3 cxd4 8. Nxd4 Nbd7 9. b3 a6 10. Bb2 Qa5 11. h3 Rb8 12. Qd2 Re8 13. Rfd1 Nc5 14. Nc2 Ne6 15. Rac1 Qh5 16. h4 g5 17. Bf3 Qg6 18. hxg5 Nxg5 19. Ne3 Nh3+ 20. Kf1 Bf5 21. Nxf5 Qxf5 22. Qd3 Qc5 23. e3 Ng5 24. Bg2 Ne6 25. Na4 Qh5 26. f3 Qg5 27. Bxf6 Bxf6 28. Kf2 b5 29. cxb5 axb5 30. Nc3 Ng7 31. Rh1 h5 32. f4 Qg6 33. Qxg6 fxg6 1/2-1/2

[Event "Battle of Alberta"]
[Site "Red Deer CAN"]
[Date "1998.08.15"]
[Round "2"]
[White "Gardner, Robert"]
[Black "Haessel, Dale"]
[Result "1-0"]
[WhiteElo "2333"]
[BlackElo "2297"]
[PlyCount "97"]
[GameId "2160767911806496"]
[EventDate "1998.08.15"]
[EventType "team"]
[EventRounds "2"]
[EventCountry "CAN"]

1. e4 c5 2. g3 Nc6 3. Bg2 g6 4. f4 Bg7 5. Nf3 d6 6. O-O e5 7. d3 Nge7 8. c3 O-O 9. Be3 f5 10. fxe5 Nxe5 11. Nxe5 Bxe5 12. d4 cxd4 13. Bxd4 Nc6 14. Be3 Be6 15. exf5 gxf5 16. Bd5 Qe7 17. Bf4 Bd4+ 18. cxd4 Bxd5 19. Nc3 Bc4 20. Rf2 Qf6 21. Rd2 Rae8 22. b3 Ba6 23. Nd5 Qd8 24. Qh5 Re6 25. Ne3 Qf6 26. Rad1 Qg6 27. Qf3 Re4 28. Nd5 Qe6 29. Nc7 Qe7 30. Nxa6 bxa6 31. Qc3 Nd8 32. Qc4+ Nf7 33. Qxa6 Ng5 34. Bxg5 Qxg5 35. Qxd6 Rfe8 36. Qd5+ Kh8 37. Rf2 Re2 38. Qxf5 Qxf5 39. Rxf5 Rxa2 40. Rf2 Ra3 41. Rd3 Kg7 42. d5 Re1+ 43. Kg2 Rb1 44. Rff3 Ra2+ 45. Kh3 h5 46. d6 Rh1 47. Kh4 Rhxh2+ 48. Kg5 Ra5+ 49. Kf4 1-0

[Event "Battle of Alberta"]
[Site "Red Deer CAN"]
[Date "1998.08.15"]
[Round "2"]
[White "Huber, Gregory"]
[Black "Schulte, Oliver"]
[Result "1/2-1/2"]
[WhiteElo "2349"]
[BlackElo "2462"]
[PlyCount "56"]
[GameId "2160767911806498"]
[EventDate "1998.08.15"]
[EventType "team"]
[EventRounds "2"]
[EventCountry "CAN"]

1. e4 e5 2. Bc4 Nf6 3. d3 c6 4. Nf3 Be7 5. O-O d5 6. exd5 cxd5 7. Bb5+ Bd7 8. Bxd7+ Nbxd7 9. Re1 Qc7 10. Nxe5 Nxe5 11. Bf4 Bd6 12. Nc3 O-O 13. Nb5 Qb6 14. Nxd6 Ng6 15. Bg3 Rad8 16. Nf5 Qxb2 17. Rb1 Qxa2 18. Rxb7 Rfe8 19. Rxe8+ Rxe8 20. f3 Rc8 21. Bf2 h6 22. Rxa7 Qxc2 23. Qxc2 Rxc2 24. Bd4 Nf4 25. Bxf6 gxf6 26. Nxh6+ Kg7 27. Nxf7 Rxg2+ 28. Kf1 Rxh2 1/2-1/2